Landfill gas venting for agricultural restoration (Record no. 3028)

MARC details
000 -LEADER
fixed length control field 01093cab a2200253 4500
001 - CONTROL NUMBER
control field ABS37514
008 - FIXED-LENGTH DATA ELEMENTS--GENERAL INFORMATION
fixed length control field 090401t1987 xxu||||| |||| 00| 0 eng d
035 ## - SYSTEM CONTROL NUMBER
System control number (Sirsi) u5041
041 ## - LANGUAGE CODE
Language code of text/sound track or separate title eng
100 ## - MAIN ENTRY--PERSONAL NAME
Personal name Spreull, W.J.
245 ## - TITLE STATEMENT
Title Landfill gas venting for agricultural restoration
260 ## - PUBLICATION, DISTRIBUTION, ETC.
Date of publication, distribution, etc. 1987
350 ## - PRICE (NR) (BK AM CF MU VM SE) [OBSOLETE]
Price 0
490 ## - SERIES STATEMENT
Series statement Waste Management and Research
Volume/sequential designation 5 1987 1-12(12)
520 ## - SUMMARY, ETC.
Summary, etc. Reports on trials to restore to farmland a sand and gravel quarry at Great Sunnings , near Upminster in Essex following backfilling with industrial and commercial degradable waste. Previous experience shows that adverse effects of landfill gases causes crop damage and lowering of yields in the early years. To counteract this problem, the present trials involved the installation of a gas venting system designed to prevent the upward migration of landfill gases from fill into soil zones.
650 ## - SUBJECT ADDED ENTRY--TOPICAL TERM
Topical term or geographic name entry element LANDFILL SITES
650 ## - SUBJECT ADDED ENTRY--TOPICAL TERM
Topical term or geographic name entry element METHANE GAS
650 ## - SUBJECT ADDED ENTRY--TOPICAL TERM
Topical term or geographic name entry element RESTORATION
650 ## - SUBJECT ADDED ENTRY--TOPICAL TERM
Topical term or geographic name entry element WASTE DISPOSAL
690 ## - LOCAL SUBJECT ADDED ENTRY--TOPICAL TERM (OCLC, RLIN)
Topical term or geographic name as entry element LAND
700 ## - ADDED ENTRY--PERSONAL NAME
Personal name Cullum, S.
942 ## - ADDED ENTRY ELEMENTS (KOHA)
Suppress in OPAC 0
948 ## - LOCAL PROCESSING INFORMATION (OCLC); SERIES PART DESIGNATOR (RLIN)
c (OCLC) 04/03/1997
Holdings
Withdrawn status Lost status Source of classification or shelving scheme Damaged status Not for loan Home library Current library Shelving location Date acquired Total Checkouts Full call number Barcode Date last seen Copy number Price effective from Koha item type
    Dewey Decimal Classification     London London Journal article 14/09/1999   ABS37514 5041-1001 06/08/2019 1 06/08/2019 Journal article